[Event "Oberliga Wuerttemberg 1920"]
[Site "Wuerttemberg"]
[Date "2020.02.16"]
[Round "7.2"]
[White "Mehne, Claudius"]
[Black "Zimmermann, Ulrich"]
[Result "1/2-1/2"]
[WhiteElo "2179"]
[BlackElo "2273"]
[PlyCount "66"]
[EventDate "2019.09.15"]
[EventType "team-tourn"]
[EventRounds "9"]
[EventCountry "GER"]
[SourceTitle "EXT 2021"]
[Source "ChessBase"]
[SourceDate "2020.10.23"]
[SourceVersion "1"]
[SourceVersionDate "2020.10.23"]
[SourceQuality "1"]
[WhiteTeam "Nuertingen"]
[BlackTeam "Schwaebisch Gmuend"]
[WhiteTeamCountry "GER"]
[BlackTeamCountry "GER"]

1. Nf3 d5 2. c4 d4 3. e3 Nc6 4. b4 dxe3 5. fxe3 Nxb4 6. d4 c5 7. a3 Na6 8. d5 Nf6 9. Nc3 g6 10. e4 Bg7 11. e5 Nd7 12. Bf4 0-0 13. Bd3 e6 14. 0-0 Nb6 15. d6 f6 16. Ne4 Nd7 17. Qd2 f5 18. Neg5 Qe8 19. Rae1 Nab8 20. Qe3 h6 21. Nxe6 Qxe6 22. Bxh6 Nxe5 23. Bxg7 Kxg7 24. Nxe5 Qxd6 25. Rf4 Nc6 26. Nxc6 bxc6 27. Rh4 Kf6 28. Bf1 Ba6 29. Qc3+ Kg5 30. Qc1+ Kf6 31. Qc3+ Kg5 32. Qc1+ Kf6 33. Qc3+ Kg5 1/2-1/2

[Event "Oberliga Wuerttemberg 1920"]
[Site "Wuerttemberg"]
[Date "2020.01.19"]
[Round "6.2"]
[White "Schmidt, Tobias"]
[Black "Mehne, Claudius"]
[Result "1-0"]
[WhiteElo "2250"]
[BlackElo "2179"]
[PlyCount "57"]
[EventDate "2019.09.15"]
[EventType "team-tourn"]
[EventRounds "9"]
[EventCountry "GER"]
[SourceTitle "EXT 2021"]
[Source "ChessBase"]
[SourceDate "2020.10.23"]
[SourceVersion "1"]
[SourceVersionDate "2020.10.23"]
[SourceQuality "1"]
[WhiteTeam "Heilbronn"]
[BlackTeam "Nuertingen"]
[WhiteTeamCountry "GER"]
[BlackTeamCountry "GER"]

1. e4 e5 2. Nf3 Nc6 3. Bc4 Nf6 4. Ng5 d5 5. exd5 Na5 6. Bb5+ c6 7. dxc6 bxc6 8. Bd3 Nd5 9. Nf3 Bd6 10. 0-0 0-0 11. Re1 f5 12. Nxe5 Qf6 13. Nf3 g5 14. c4 Ne7 15. c5 Bxc5 16. Qc2 Bd6 17. Qc3 g4 18. Qxf6 Rxf6 19. Nh4 Nd5 20. Nc3 Nb4 21. Bb1 Bd7 22. d4 c5 23. Bg5 Rff8 24. a3 Nbc6 25. dxc5 Bxc5 26. Ba2+ Kg7 27. Rad1 Bd4 28. Nb5 Rfe8 29. Be3 1-0

[Event "Oberliga Wuerttemberg 1920"]
[Site "Wuerttemberg"]
[Date "2019.11.10"]
[Round "3.2"]
[White "Mehne, Claudius"]
[Black "Beletic, Daniel"]
[Result "1-0"]
[WhiteElo "2179"]
[BlackElo "2349"]
[PlyCount "75"]
[EventDate "2019.09.15"]
[EventType "team-tourn"]
[EventRounds "9"]
[EventCountry "GER"]
[SourceTitle "EXT 2021"]
[Source "ChessBase"]
[SourceDate "2020.10.23"]
[SourceVersion "1"]
[SourceVersionDate "2020.10.23"]
[SourceQuality "1"]
[WhiteTeam "Nuertingen"]
[BlackTeam "Jedesheim"]
[WhiteTeamCountry "GER"]
[BlackTeamCountry "GER"]

1. Nf3 d6 2. d4 g6 3. e4 Bg7 4. Bc4 e6 5. Bb3 Ne7 6. 0-0 b6 7. Re1 Nd7 8. c3 Bb7 9. Nbd2 0-0 10. Nf1 c5 11. Ng3 cxd4 12. cxd4 Rc8 13. h3 h6 14. Be3 Nf6 15. Bc2 Rc7 16. Qd2 Qa8 17. Bf4 Rd8 18. Rac1 Kh7 19. e5 dxe5 20. Nxe5 Ned5 21. Bxg6+ fxg6 22. Rxc7 Nxc7 23. Qc2 Rxd4 24. Qxg6+ Kg8 25. Qf7+ Kh7 26. Bxh6 Qf8 27. Qxc7 Kxh6 28. Qxb7 Rd2 29. Ne4 Nxe4 30. Ng4+ Kh7 31. Qxe4+ Qf5 32. Qa4 Bd4 33. Qd7+ Kh8 34. Qd8+ Kg7 35. Qe7+ Kh8 36. Qh4+ Kg7 37. Qh6+ Kg8 38. Qxd2 1-0

[Event "Verbandsliga Nord Baden 1314"]
[Site "Germany"]
[Date "2013.10.20"]
[Round "1.1"]
[White "Schwalfenberg, Joerg"]
[Black "Mehne, Claudius"]
[Result "1/2-1/2"]
[WhiteElo "2334"]
[BlackElo "2205"]
[PlyCount "89"]
[EventDate "2013.10.20"]
[EventType "team-tourn"]
[EventRounds "9"]
[EventCountry "GER"]
[SourceTitle "EXT 2015"]
[Source "ChessBase"]
[SourceDate "2014.11.20"]
[SourceVersion "1"]
[SourceVersionDate "2014.11.20"]
[SourceQuality "1"]
[WhiteTeam "Heidelberg"]
[BlackTeam "Lindenhof"]
[WhiteTeamCountry "GER"]
[BlackTeamCountry "GER"]

1. d4 Nf6 2. Nf3 c5 3. e3 g6 4. c4 Bg7 5. Nc3 0-0 6. Be2 cxd4 7. exd4 d5 8. Ne5 Be6 9. Bf3 Nc6 10. Bf4 dxc4 11. Nxc6 bxc6 12. Bxc6 Nh5 13. Be3 Rb8 14. 0-0 Rxb2 15. Qa4 Qd6 16. Ne4 Qc7 17. d5 Rc8 18. Rac1 c3 19. Nxc3 Bxc3 20. Qa3 Bxd5 21. Bxd5 Qe5 22. Qxb2 Bxb2 23. Rxc8+ Kg7 24. Bf3 Qa5 25. Rc2 Bf6 26. g4 Qa4 27. Rfc1 Be5 28. gxh5 Qh4 29. h6+ Kf6 30. Rc6+ e6 31. R6c4 Qxh2+ 32. Kf1 g5 33. Rg4 Bf4 34. Bxf4 gxf4 35. Rc4 e5 36. Rc6+ Ke7 37. Rc7+ Kd6 38. Rxf7 Qh3+ 39. Ke2 e4 40. Rgxf4 exf3+ 41. Rxf3 Qe6+ 42. Kf1 Qxa2 43. R3f6+ Ke5 44. Rf5+ Ke6 45. R7f6+ 1/2-1/2

[Event "Verbandsliga Nord Baden 1213"]
[Site "Baden"]
[Date "2013.01.27"]
[Round "5.2"]
[White "Mehne, Claudius"]
[Black "Nonnenmacher, Eberhard"]
[Result "1-0"]
[WhiteElo "2207"]
[BlackElo "2285"]
[PlyCount "67"]
[EventDate "2012.10.21"]
[EventType "team-tourn"]
[EventRounds "9"]
[EventCountry "GER"]
[SourceTitle "EXT 2014"]
[Source "ChessBase"]
[SourceDate "2013.11.20"]
[SourceVersion "1"]
[SourceVersionDate "2013.11.20"]
[SourceQuality "1"]
[WhiteTeam "Lindenhof"]
[BlackTeam "Heidelberg"]
[WhiteTeamCountry "GER"]
[BlackTeamCountry "GER"]

1. Nf3 c5 2. c4 Nc6 3. e3 Nf6 4. Nc3 d5 5. cxd5 Nxd5 6. Bb5 Nxc3 7. bxc3 Qc7 8. 0-0 a6 9. Be2 e6 10. d4 Be7 11. e4 cxd4 12. cxd4 0-0 13. Bb2 Rd8 14. Bd3 Bd7 15. Rc1 Qb6 16. Qe2 Rac8 17. d5 Na5 18. Rb1 Bb5 19. Bxb5 axb5 20. Bd4 Qa6 21. Qxb5 exd5 22. Bb6 dxe4 23. Bxa5 exf3 24. Qxa6 bxa6 25. Bxd8 Bxd8 26. Rfc1 Ra8 27. g3 g5 28. g4 a5 29. a4 Be7 30. Rb3 Bd6 31. Rxf3 Kg7 32. Rd1 Ra6 33. Rd5 h6 34. Rff5 1-0

[Event "St Leon Rot op"]
[Site "St Leon Rot"]
[Date "2011.12.28"]
[Round "4"]
[White "Mehne, Claudius"]
[Black "Osmanovic, Faruk"]
[Result "1-0"]
[WhiteElo "2203"]
[BlackElo "2010"]
[PlyCount "77"]
[EventDate "2011.12.27"]
[EventType "swiss"]
[EventRounds "7"]
[EventCountry "GER"]
[SourceTitle "CBM 146 Extra"]
[Source "ChessBase"]
[SourceDate "2012.02.29"]
[SourceVersion "1"]
[SourceVersionDate "2012.02.29"]
[SourceQuality "1"]

1. d4 Nf6 2. Nf3 e6 3. c4 b6 4. e3 Bb7 5. Bd3 d5 6. Nc3 Bd6 7. 0-0 0-0 8. b3 c5 9. cxd5 cxd4 10. Nxd4 Nxd5 11. Nxd5 Bxd5 12. Bb2 Qh4 13. f4 Bc5 14. Qe1 Qg4 15. Rf2 Nc6 16. Nxc6 Bxc6 17. b4 Be7 18. Rc1 Bd5 19. e4 Bxa2 20. Ra1 a5 21. Rxa2 Bxb4 22. Qe2 Qxe2 23. Rxe2 Rfd8 24. Bc2 Rac8 25. Ba3 Bc3 26. e5 b5 27. Bd6 a4 28. Bd3 Bd4+ 29. Kf1 b4 30. Rxa4 Rc1+ 31. Re1 Rxe1+ 32. Kxe1 Bc3+ 33. Kd1 f6 34. Kc2 fxe5 35. fxe5 Rc8 36. Kb3 Bd4 37. Bc4 Kf7 38. Rxb4 Ke8 39. Bb5+ 1-0

[Event "St Leon Rot op"]
[Site "St Leon Rot"]
[Date "2011.12.27"]
[Round "2"]
[White "Mehne, Claudius"]
[Black "Greulich, Jan"]
[Result "0-1"]
[WhiteElo "2203"]
[BlackElo "1933"]
[PlyCount "74"]
[EventDate "2011.12.27"]
[EventType "swiss"]
[EventRounds "7"]
[EventCountry "GER"]
[SourceTitle "CBM 146 Extra"]
[Source "ChessBase"]
[SourceDate "2012.02.29"]
[SourceVersion "1"]
[SourceVersionDate "2012.02.29"]
[SourceQuality "1"]

1. d4 Nf6 2. Nf3 e6 3. c4 b6 4. e3 Bb7 5. Bd3 d5 6. Nc3 Be7 7. 0-0 0-0 8. b3 Nbd7 9. Bb2 Ne4 10. Ne2 Ndf6 11. Rc1 c5 12. cxd5 exd5 13. Ne5 cxd4 14. Nxd4 Bc5 15. Qe2 Re8 16. Nf5 Bc8 17. Nd4 Bb7 18. Ba6 Bxa6 19. Qxa6 Qd6 20. Nb5 Qe7 21. b4 Bd6 22. Nxd6 Qxd6 23. Qb7 Qf8 24. Rc7 Nd6 25. Qa6 Re7 26. Rfc1 Rxc7 27. Rxc7 Qb8 28. Rc1 Qe8 29. Rc6 Nc4 30. Rxf6 Nxb2 31. Rf5 g6 32. Ng4 Qc8 33. Nh6+ Kh8 34. Qf1 gxf5 35. g4 Qc2 36. Qb5 Nd3 37. Nxf7+ Kg7 0-1

[Event "St Leon Rot op"]
[Site "St Leon Rot"]
[Date "2011.12.27"]
[Round "1"]
[White "Wendling, Lukas"]
[Black "Mehne, Claudius"]
[Result "0-1"]
[WhiteElo "1757"]
[BlackElo "2203"]
[PlyCount "80"]
[EventDate "2011.12.27"]
[EventType "swiss"]
[EventRounds "7"]
[EventCountry "GER"]
[SourceTitle "CBM 146 Extra"]
[Source "ChessBase"]
[SourceDate "2012.02.29"]
[SourceVersion "1"]
[SourceVersionDate "2012.02.29"]
[SourceQuality "1"]

1. e4 e5 2. Nf3 Nc6 3. Bc4 Nf6 4. d3 Be7 5. Nc3 d6 6. h3 Na5 7. Bb3 c6 8. Ne2 0-0 9. Ng3 Re8 10. 0-0 Bf8 11. Re1 Nxb3 12. axb3 h6 13. Bd2 c5 14. Qc1 Kh7 15. Re2 g6 16. Re1 Ng8 17. Qd1 f5 18. exf5 gxf5 19. Nh2 f4 20. Ne4 Bf5 21. Qf3 b6 22. g4 Bd7 23. Qg2 d5 24. Nc3 Bc6 25. Re2 Bg7 26. Rae1 Ne7 27. f3 Ng6 28. Qf2 Bf6 29. Rd1 e4 30. Qf1 e3 31. Be1 b5 32. Rg2 Rf8 33. Rb1 a5 34. Qe2 Bh4 35. Kh1 Bxe1 36. Rxe1 Qh4 37. Kg1 Qxh3 38. Nf1 Nh4 39. Rh2 Nxf3+ 40. Kh1 Nxh2 0-1

[Event "Verbandsliga Nord Baden 1112"]
[Site "Germany"]
[Date "2011.12.11"]
[Round "4.1"]
[White "Tschann, Stephan"]
[Black "Mehne, Claudius"]
[Result "0-1"]
[WhiteElo "2211"]
[BlackElo "2203"]
[PlyCount "58"]
[EventDate "2011.10.09"]
[EventType "team-tourn"]
[EventRounds "9"]
[EventCountry "GER"]
[SourceTitle "EXT 2013"]
[Source "ChessBase"]
[SourceDate "2012.11.22"]
[SourceVersion "1"]
[SourceVersionDate "2012.11.22"]
[SourceQuality "1"]
[WhiteTeam "Slavija KA"]
[BlackTeam "Lindenhof"]
[WhiteTeamCountry "GER"]
[BlackTeamCountry "GER"]

1. d4 d5 2. c4 Nc6 3. Nc3 Nf6 4. Nf3 dxc4 5. Bg5 Nd5 6. e4 Nxc3 7. bxc3 f6 8. Be3 Na5 9. Nd2 g6 10. Nxc4 c6 11. Qd2 Be6 12. Nxa5 Qxa5 13. h4 Rd8 14. Bd3 Bg7 15. h5 gxh5 16. f4 Bh6 17. Rb1 Rd7 18. d5 Bf7 19. Be2 Bg7 20. f5 0-0 21. c4 Qa4 22. Rh3 e6 23. Bc5 cxd5 24. Rb5 Qa6 25. Rg3 Re8 26. e5 exf5 27. exf6 Qxf6 28. Bd4 Qh4 29. Bf2 Qh1+ 0-1

[Event "Verbandsliga Nord Baden 1112"]
[Site "Germany"]
[Date "2011.11.06"]
[Round "2.1"]
[White "Mehne, Claudius"]
[Black "Schulze, Ulrich"]
[Result "0-1"]
[WhiteElo "2203"]
[BlackElo "2335"]
[PlyCount "60"]
[EventDate "2011.10.09"]
[EventType "team-tourn"]
[EventRounds "9"]
[EventCountry "GER"]
[SourceTitle "EXT 2013"]
[Source "ChessBase"]
[SourceDate "2012.11.22"]
[SourceVersion "1"]
[SourceVersionDate "2012.11.22"]
[SourceQuality "1"]
[WhiteTeam "Lindenhof"]
[BlackTeam "Pforzheim"]
[WhiteTeamCountry "GER"]
[BlackTeamCountry "GER"]

1. d4 Nf6 2. Nf3 g6 3. c4 Bg7 4. Nc3 d5 5. Bg5 dxc4 6. e3 Be6 7. Be2 0-0 8. 0-0 c6 9. a4 Qa5 10. Bxf6 exf6 11. Nd2 Qb4 12. Qc2 a5 13. Na2 Qe7 14. Nxc4 Na6 15. Qd2 Nb4 16. Nxb4 axb4 17. a5 f5 18. g3 h5 19. Nb6 Rad8 20. Bf3 h4 21. Rfc1 hxg3 22. hxg3 f4 23. gxf4 g5 24. fxg5 Qxg5+ 25. Kf1 Rxd4 26. Qc2 b3 27. Qc5 Qh4 28. Ke2 Rd2+ 29. Kxd2 Qxf2+ 30. Be2 Rd8+ 0-1

[Event "Verbandsliga Nord Baden 0910"]
[Site "Germany"]
[Date "2009.12.13"]
[Round "4.1"]
[White "Leibbrand, Udo Manfred"]
[Black "Mehne, Claudius"]
[Result "1/2-1/2"]
[WhiteElo "2121"]
[BlackElo "2220"]
[PlyCount "51"]
[EventDate "2009.10.11"]
[EventType "team-tourn"]
[EventRounds "9"]
[EventCountry "GER"]
[SourceTitle "EXT 2011"]
[Source "ChessBase"]
[SourceDate "2010.11.26"]
[SourceVersion "1"]
[SourceVersionDate "2010.11.26"]
[SourceQuality "1"]
[WhiteTeam "Pforzheim"]
[BlackTeam "Lindenhof"]
[WhiteTeamCountry "GER"]
[BlackTeamCountry "GER"]

1. d4 d5 2. Nf3 Nc6 3. e3 Bg4 4. Nbd2 e6 5. c4 Nge7 6. Qa4 Bxf3 7. Nxf3 g6 8. Bd2 Bg7 9. Rc1 0-0 10. g3 Nc8 11. cxd5 Qxd5 12. Bg2 Nb6 13. Qb3 Qxb3 14. axb3 Rac8 15. Bc3 Ne7 16. Ke2 Nbd5 17. Nd2 Rfd8 18. Ne4 b6 19. Bd2 e5 20. dxe5 Bxe5 21. Bc3 Nxc3+ 22. Nxc3 c5 23. Rhd1 f5 24. Rxd8+ Rxd8 25. f4 Bf6 26. Rd1 1/2-1/2

[Event "Oberhausen op"]
[Site "Oberhausen"]
[Date "2008.03.24"]
[Round "6"]
[White "Mehne, Claudius"]
[Black "Boehle, Lars"]
[Result "1-0"]
[WhiteElo "2213"]
[BlackElo "2276"]
[PlyCount "71"]
[EventDate "2008.03.20"]
[EventType "swiss"]
[EventRounds "7"]
[EventCountry "GER"]
[SourceTitle "CBM 123 Extra"]
[Source "ChessBase"]
[SourceDate "2008.05.06"]
[SourceVersion "1"]
[SourceVersionDate "2008.05.06"]
[SourceQuality "1"]

1. d4 Nf6 2. Nc3 c5 3. d5 Qa5 4. Bd2 b5 5. Ne4 Qb6 6. Nxf6+ exf6 7. a4 b4 8. a5 Qc7 9. e4 g6 10. c3 Na6 11. Nh3 Rb8 12. Bc4 d6 13. Qe2 Qb7 14. 0-0 Be7 15. f4 0-0 16. f5 bxc3 17. bxc3 Nc7 18. a6 Qa8 19. Bh6 Rd8 20. Nf2 Bd7 21. Ng4 Ne8 22. h4 Rb6 23. Rf2 Qb8 24. Bd3 Bb5 25. c4 Bd7 26. fxg6 hxg6 27. h5 Qc8 28. Ne3 Kh7 29. Bg5 Kg7 30. Raf1 Rxa6 31. Qf3 Qc7 32. Qg3 Ra3 33. hxg6 fxg5 34. gxf7 Kf8 35. fxe8Q+ Kxe8 36. Qxg5 1-0

[Event "Verbandsliga Nord Baden 0708"]
[Site "Germany"]
[Date "2007.10.14"]
[Round "1.1"]
[White "Vonthron, Horst"]
[Black "Mehne, Claudius"]
[Result "1/2-1/2"]
[WhiteElo "2299"]
[BlackElo "2213"]
[PlyCount "65"]
[EventDate "2007.10.14"]
[EventType "team"]
[EventRounds "9"]
[EventCountry "GER"]
[SourceTitle "EXT 2009"]
[Source "ChessBase"]
[SourceDate "2008.11.26"]
[SourceVersion "1"]
[SourceVersionDate "2008.11.26"]
[SourceQuality "1"]
[WhiteTeam "Kirchheim II"]
[BlackTeam "Lindenhof"]
[WhiteTeamCountry "GER"]
[BlackTeamCountry "GER"]

1. e4 e5 2. Nf3 Nc6 3. Bb5 a6 4. Ba4 Nf6 5. 0-0 Be7 6. Re1 b5 7. Bb3 d6 8. c3 0-0 9. h3 Na5 10. Bc2 c5 11. d4 Qc7 12. Nbd2 Bd7 13. Nf1 Nc4 14. d5 g6 15. Ng3 Ne8 16. a4 Ng7 17. b3 Na5 18. axb5 axb5 19. Bh6 Nb7 20. Qd2 Rfc8 21. Nh2 Nd8 22. f4 exf4 23. Qxf4 f6 24. Rxa8 Rxa8 25. h4 Nf7 26. Bxg7 Kxg7 27. h5 Ne5 28. Nf3 Qa5 29. Nxe5 fxe5 30. Qe3 Qd8 31. Rf1 Bg5 32. Qf3 Qe7 33. Bd1 1/2-1/2

[Event "Verbandsliga Nord Baden 0506"]
[Site "Germany"]
[Date "2006.01.15"]
[Round "5.2"]
[White "Klee, Helmut"]
[Black "Mehne, Claudius"]
[Result "0-1"]
[WhiteElo "2240"]
[BlackElo "2207"]
[PlyCount "56"]
[EventDate "2005.10.16"]
[EventType "team"]
[EventRounds "9"]
[EventCountry "GER"]
[SourceTitle "EXT 2007"]
[Source "ChessBase"]
[SourceDate "2006.11.23"]
[SourceVersion "1"]
[SourceVersionDate "2006.11.23"]
[SourceQuality "1"]
[WhiteTeam "Viernheim II"]
[BlackTeam "Mannheim Lindenhof"]
[WhiteTeamCountry "GER"]
[BlackTeamCountry "GER"]

1. d4 d5 2. Nf3 Nc6 3. g3 Bg4 4. Bg2 e6 5. 0-0 Nf6 6. c4 Bd6 7. Nc3 0-0 8. b3 Ne4 9. Bb2 f5 10. Rc1 a6 11. a3 Qf6 12. c5 Be7 13. Na4 Qh6 14. Rc2 Qh5 15. b4 Rf6 16. Re1 Rh6 17. Bc1 g5 18. Nb2 Bh3 19. Bh1 Bf6 20. Ne5 Nxe5 21. dxe5 Bxe5 22. Qd3 Bg4 23. h4 gxh4 24. Bxh6 hxg3 25. fxg3 Bxg3 26. e3 Bxe1 27. Bxe4 dxe4 28. Qf1 Bf3 0-1

[Event "Verbandsliga Nord Baden 0506"]
[Site "Germany"]
[Date "2005.10.16"]
[Round "1.2"]
[White "Pfrommer, Christoph"]
[Black "Mehne, Claudius"]
[Result "1/2-1/2"]
[WhiteElo "2252"]
[BlackElo "2207"]
[PlyCount "56"]
[EventDate "2005.10.16"]
[EventType "team"]
[EventRounds "9"]
[EventCountry "GER"]
[SourceTitle "EXT 2007"]
[Source "ChessBase"]
[SourceDate "2006.11.23"]
[SourceVersion "1"]
[SourceVersionDate "2006.11.23"]
[SourceQuality "1"]
[WhiteTeam "Karlsruhe II"]
[BlackTeam "Mannheim Lindenhof"]
[WhiteTeamCountry "GER"]
[BlackTeamCountry "GER"]

1. d4 d5 2. Nf3 Nc6 3. e3 Bg4 4. Be2 e6 5. Nbd2 Nf6 6. h3 Bh5 7. 0-0 Bd6 8. b3 0-0 9. Bb2 Ne4 10. Nxe4 dxe4 11. Nd2 Bg6 12. Nc4 Qg5 13. Nxd6 cxd6 14. Qd2 Ne7 15. f4 exf3 16. Bxf3 Nf5 17. Bxb7 Rab8 18. Bf3 Qxe3+ 19. Rf2 d5 20. Rc1 Rfc8 21. c4 dxc4 22. bxc4 Qxd2 23. Rxd2 Nd6 24. c5 Ne4 25. Re2 Ng3 26. Rd2 Ne4 27. Re2 Ng3 28. Rd2 Ne4 1/2-1/2

[Event "Stuttgart-chA int"]
[Site "Ditzingen"]
[Date "2005.05.07"]
[Round "6"]
[White "Dudek, Richard"]
[Black "Mehne, Claudius"]
[Result "1-0"]
[WhiteElo "2252"]
[BlackElo "2194"]
[PlyCount "71"]
[EventDate "2005.05.05"]
[EventType "swiss"]
[EventRounds "7"]
[EventCountry "GER"]
[SourceTitle "EXT 2018"]
[Source "ChessBase"]
[SourceDate "2017.10.13"]
[SourceVersion "1"]
[SourceVersionDate "2017.10.13"]
[SourceQuality "1"]

1. e4 e5 2. Nf3 Nc6 3. Bb5 Nd4 4. Nxd4 exd4 5. d3 Bc5 6. 0-0 c6 7. Bc4 d5 8. Bb3 Be6 9. Bf4 a5 10. exd5 cxd5 11. Ba4+ Kf8 12. Nd2 Qf6 13. Nb3 Bb6 14. Qd2 Ne7 15. c3 dxc3 16. bxc3 Rc8 17. d4 Ng6 18. Bg5 Qf5 19. Nc5 h6 20. Nxe6+ fxe6 21. Be3 Bc7 22. f4 Ne7 23. Qe2 Bd6 24. Bd2 Rc7 25. Rae1 Kf7 26. Bc2 Qf6 27. g4 Nc6 28. g5 Qe7 29. g6+ Ke8 30. Qxe6 Qxe6 31. Rxe6+ Kd7 32. f5 Nxd4 33. Rxd6+ Kxd6 34. Bf4+ Kc6 35. cxd4 Re7 36. Be5 1-0

[Event "Stuttgart-chA int"]
[Site "Ditzingen"]
[Date "2005.05.05"]
[Round "2"]
[White "Meijers, Viesturs"]
[Black "Mehne, Claudius"]
[Result "1-0"]
[WhiteElo "2486"]
[BlackElo "2194"]
[PlyCount "89"]
[EventDate "2005.05.05"]
[EventType "swiss"]
[EventRounds "7"]
[EventCountry "GER"]
[SourceTitle "EXT 2018"]
[Source "ChessBase"]
[SourceDate "2017.10.13"]
[SourceVersion "1"]
[SourceVersionDate "2017.10.13"]
[SourceQuality "1"]

1. e4 e5 2. Nf3 Nc6 3. Bb5 Nd4 4. Nxd4 exd4 5. 0-0 Bc5 6. c3 c6 7. Ba4 d6 8. d3 Qf6 9. Bb3 Ne7 10. Qh5 a5 11. Bg5 Qg6 12. Qxg6 Nxg6 13. cxd4 Bxd4 14. Nc3 Be6 15. Bxe6 fxe6 16. Ne2 Bb6 17. Rad1 d5 18. g3 Kd7 19. Kg2 Rhf8 20. Bc1 e5 21. f4 exf4 22. gxf4 Rae8 23. Ng3 Bd4 24. b3 c5 25. Kh3 Kc6 26. Kg4 Rf7 27. h4 dxe4 28. dxe4 Nf8 29. e5 Ng6 30. Nf5 Rd7 31. Nxd4+ Rxd4 32. Rxd4 cxd4 33. Rd1 Rd8 34. Bb2 Kc5 35. h5 Nf8 36. f5 Nd7 37. Bxd4+ Kc6 38. Kf4 Nb6 39. e6 Nd5+ 40. Ke5 Nf6 41. Rc1+ Kb5 42. Rc5+ Kb4 43. Rc4+ Kb5 44. a4+ Ka6 45. h6 1-0

[Event "Eppingen op"]
[Site "Eppingen"]
[Date "2004.04.16"]
[Round "10.1"]
[White "Medvegy, Zoltan"]
[Black "Mehne, Claudius"]
[Result "1/2-1/2"]
[WhiteElo "2452"]
[BlackElo "2145"]
[PlyCount "47"]
[EventDate "2004.04.09"]
[EventType "swiss"]
[EventRounds "11"]
[EventCountry "GER"]
[SourceTitle "CBM 099 Extra"]
[Source "ChessBase"]
[SourceDate "2004.05.04"]
[SourceVersion "1"]
[SourceVersionDate "2004.05.04"]
[SourceQuality "1"]

1. e4 e5 2. Nf3 Nc6 3. Bc4 Nf6 4. d3 Be7 5. 0-0 0-0 6. Re1 d6 7. a4 Kh8 8. Ng5 Qe8 9. f4 Bg4 10. Qd2 exf4 11. h3 Bd7 12. Qxf4 Ne5 13. Bb3 h6 14. Nf3 Nh5 15. Qe3 Nxf3+ 16. Qxf3 Bh4 17. Re3 f5 18. exf5 Rxf5 19. Rxe8+ Rxe8 20. Qd1 Bf2+ 21. Kh2 Bg3+ 22. Kg1 Bf2+ 23. Kh2 Bg3+ 24. Kg1 1/2-1/2

[Event "Eppingen op"]
[Site "Eppingen"]
[Date "2004.04.14"]
[Round "7.7"]
[White "Mehne, Claudius"]
[Black "Fuchs, Heinz"]
[Result "1-0"]
[WhiteElo "2145"]
[BlackElo "2311"]
[PlyCount "61"]
[EventDate "2004.04.09"]
[EventType "swiss"]
[EventRounds "11"]
[EventCountry "GER"]
[SourceTitle "CBM 099 Extra"]
[Source "ChessBase"]
[SourceDate "2004.05.04"]
[SourceVersion "1"]
[SourceVersionDate "2004.05.04"]
[SourceQuality "1"]

1. e4 c5 2. c3 d6 3. d4 Nf6 4. Bd3 Nc6 5. d5 Ne5 6. Be2 Ned7 7. Qc2 g6 8. c4 Bg7 9. Nc3 a6 10. g4 e5 11. dxe6 fxe6 12. h4 Ne5 13. h5 Nexg4 14. hxg6 hxg6 15. Rxh8+ Bxh8 16. Bg5 Ne5 17. f4 Nf7 18. e5 dxe5 19. Qxg6 Kf8 20. Rd1 Qe7 21. Bh4 exf4 22. Nf3 Nd6 23. Rxd6 Qxd6 24. Bxf6 Bxf6 25. Qxf6+ Kg8 26. Ne4 Qd7 27. Ne5 Qg7 28. Qd8+ Qf8 29. Nf6+ Kg7 30. Nh5+ Kg8 31. Qg5+ 1-0

[Event "Eppingen op"]
[Site "Eppingen"]
[Date "2004.04.10"]
[Round "2.12"]
[White "Boguslawski, Oleg"]
[Black "Mehne, Claudius"]
[Result "1/2-1/2"]
[WhiteElo "2316"]
[BlackElo "2145"]
[PlyCount "121"]
[EventDate "2004.04.09"]
[EventType "swiss"]
[EventRounds "11"]
[EventCountry "GER"]
[SourceTitle "CBM 099 Extra"]
[Source "ChessBase"]
[SourceDate "2004.05.04"]
[SourceVersion "1"]
[SourceVersionDate "2004.05.04"]
[SourceQuality "1"]

1. e4 e5 2. Nf3 Nc6 3. Bb5 Nd4 4. Nxd4 exd4 5. 0-0 Bc5 6. d3 c6 7. Bc4 d5 8. exd5 cxd5 9. Bb5+ Kf8 10. c3 Qh4 11. cxd4 Bxd4 12. Qa4 Nf6 13. g3 Qg4 14. Bf4 Bc5 15. Nd2 h5 16. Rac1 Bb6 17. Rfe1 Qh3 18. d4 h4 19. Nf3 hxg3 20. Bxg3 Ne4 21. Ng5 Qg4 22. Nxe4 dxe4 23. Qb4+ Kg8 24. Qe7 Bf5 25. Bc4 Bxd4 26. Bxf7+ Kh7 27. Rc7 Rad8 28. Qh4+ Qxh4 29. Bxh4 Rb8 30. Bg3 Rhc8 31. Re7 Bf6 32. Bxb8 Bxe7 33. Bxa7 Bf6 34. Bd5 Bxb2 35. Bxe4 Bxe4 36. Rxe4 Ra8 37. Rb4 Rxa7 38. Rxb2 Ra3 39. Kg2 Kg6 40. f3 Kf5 41. Kg3 g5 42. h3 Ra4 43. Re2 Ra3 44. Re4 Rxa2 45. h4 gxh4+ 46. Rxh4 Rb2 47. Rh5+ Kg6 48. Rd5 b5 49. Kg4 b4 50. Rd6+ Kf7 51. Rb6 b3 52. Kf5 Rf2 53. Rxb3 Ra2 54. Rb7+ Kf8 55. f4 Ra5+ 56. Kg6 Ra6+ 57. Kg5 Ra5+ 58. f5 Ra6 59. Rd7 Rb6 60. Ra7 Rc6 61. Kf4 1/2-1/2

[Event "Eppingen op"]
[Site "Eppingen"]
[Date "2004.04.09"]
[Round "1.8"]
[White "Mehne, Claudius"]
[Black "Vatter, Hans Joachim"]
[Result "0-1"]
[WhiteElo "2145"]
[BlackElo "2299"]
[PlyCount "79"]
[EventDate "2004.04.09"]
[EventType "swiss"]
[EventRounds "11"]
[EventCountry "GER"]
[SourceTitle "CBM 099 Extra"]
[Source "ChessBase"]
[SourceDate "2004.05.04"]
[SourceVersion "1"]
[SourceVersionDate "2004.05.04"]
[SourceQuality "1"]

1. e4 c5 2. Nc3 g6 3. f4 Bg7 4. Nf3 e6 5. d4 cxd4 6. Nxd4 a6 7. Be3 Ne7 8. Be2 0-0 9. 0-0 d5 10. e5 Bd7 11. Qe1 Nbc6 12. Qf2 Nxd4 13. Bxd4 b5 14. a3 Qc7 15. Bd3 f6 16. Bc5 Rf7 17. Bd6 Qa7 18. Qxa7 Rxa7 19. a4 bxa4 20. Nxa4 fxe5 21. fxe5 Rxf1+ 22. Kxf1 Bxa4 23. Rxa4 Nc6 24. Rxa6 Rxa6 25. Bxa6 Bxe5 26. Bxe5 Nxe5 27. Ke2 Kf7 28. h3 Ke7 29. Ke3 Kd6 30. b3 g5 31. c4 Nc6 32. cxd5 exd5 33. Bd3 h6 34. g3 Kc5 35. h4 Kb4 36. hxg5 hxg5 37. Bg6 Kc3 38. Bf7 d4+ 39. Ke2 Ne5 40. Bg6 0-1